000 00763cam7a220024100 4500
001 zam00002531
008 951128s1973 xx eng u
035 _a(Sirsi) r19884
035 _a(MACHINE)SLC.
100 _aBlaug, M.
_6A80122.1
245 1 0 _aEducation and the employment problem in developing countries.
260 _c1973.
949 _aLC2605
_wlcc
_i33729001858310
_mMAIN
_p2500
_tSHORTLOAN
_lSHORTLOAN
949 _aLC2605
_wlcc
_i33729001858328
_mMAIN
_tSHORTLOAN
_lSHORTLOAN
004 19884
591 _aClass code: DS 940.
591 _aCourse: Women and development.
591 _aSchool: S05.
591 _aLecturer: Dr. MILIMO, M.C.
591 _aNumber of Students: 61.
900 _2MAIN
_8LC2605
_9BLA
_c2
909 _aBook
999 _c8367
_d8367